000 00386nam a2200157Ia 4500
003 GCL
008 140319s9999 xx 000 0 eng d
040 _aGCL /
_cGCL
082 0 4 _aCH
_b507
_bD E
100 1 _aDORLING, KINDERSLEY
245 1 0 _aECOLOGY /
_cDORLING, KINDERSLEY
260 _a[S.N] :
_bDORLING KINDERSLEY
650 0 4 _aSCIENCE
650 0 4 _aENVIRONMENT
942 _2ddc
_cBK
999 _c19033
_d19033